000 00605nam a22001817a 4500
999 _c186836
_d186836
005 20220321123718.0
010 _aENG-132035
020 _a9789383051472
_c200.00
035 _aEN-115567
037 _bDBAD
082 _a155.25
100 _aS., Shrinivasan
245 _aPersonality Development & Interpersonal Skills/
_cShrinivasan, S.
260 _aChennai
_bUnique Media Integrators
_c2014
270 _aNo. 8, 6th Cross, 8th Main Road, Vaishanavi Nagar, Thirmullaivoyal
_bChennai
_e600109
_mumi.infobooks@gmail.com
300 _a224p
_c22cm(pbk)
942 _2ddc
_cEN
_h155.25
_mSHR